<?xml version="1.0" encoding="UTF-8"?>
<marc:record xmlns:marc="http://www.loc.gov/MARC21/slim">
   <marc:leader>00000nam a2200000 a 4500</marc:leader>
   <marc:datafield ind1="0" ind2="0" tag="245">
      <marc:subfield code="a">Stowaway</marc:subfield>
   </marc:datafield>
   <marc:datafield ind1="0" ind2="0" tag="245">
      <marc:subfield code="b">Blinder Passagier</marc:subfield>
   </marc:datafield>
   <marc:datafield ind1=" " ind2="1" tag="264">
      <marc:subfield code="a">Ismaning</marc:subfield>
      <marc:subfield code="b">Euro Video</marc:subfield>
      <marc:subfield code="c">2021</marc:subfield>
   </marc:datafield>
   <marc:datafield ind1="1" ind2=" " tag="490">
      <marc:subfield code="a">2</marc:subfield>
   </marc:datafield>
   <marc:datafield ind1="1" ind2=" " tag="520">
      <marc:subfield code="a">Drei Astronauten starten zur 42. Mission auf den Mars, in zwei Jahren sollen sie zurück sein. Zur Crew von Captain Marina Barnett gehören die Medizinerin Zoe und der Biologe David. Wenige Stunden nach dem Start entdecken sie einen unfreiwilligen blinden Passagier, Michael. Eine Rückkehr zur Erde ist ausgeschlossen und schon bald stellt sich heraus, dass durch einen irreparablen Defekt am Versorgungssystem der Sauerstoff nicht für alle Passagiere ausreichen wird. Zehn Tage bleiben der Crew, um eine Entscheidung zu treffen über Leben und Tod,</marc:subfield>
   </marc:datafield>
   <marc:datafield ind1=" " ind2=" " tag="020">
      <marc:subfield code="a">4009750203606</marc:subfield>
      <marc:subfield code="9">4009750203606</marc:subfield>
   </marc:datafield>
   <marc:datafield ind1="0" ind2=" " tag="490">
      <marc:subfield code="v">0</marc:subfield>
   </marc:datafield>
   <marc:datafield ind1=" " ind2=" " tag="300">
      <marc:subfield code="a">ca. 112 Min.</marc:subfield>
   </marc:datafield>
</marc:record>
